000 01207nam a22003134a 4500
001 ebr10058884
003 CaPaEBR
006 m u
007 cr cn|||||||||
008 000629s2001 enka sb 001 0 eng
010 _z 00057965
020 _z0851993265 (alk. paper)
040 _aCaPaEBR
_cCaPaEBR
035 _a(OCoLC)70772014
050 1 4 _aSB608.P22
_bI57 2001eb
082 0 4 _a634.9/74
_221
245 0 0 _aInsects on palms
_h[electronic resource] /
_cF.W. Howard ... [et al.].
260 _aWallingford, Oxon ;
_aNew York, NY :
_bCABI Pub.,
_cc2001.
300 _axiv, 400 p. :
_bill. (some col.).
504 _aIncludes bibliographical references (p. 333-379) and index.
533 _aElectronic reproduction.
_bPalo Alto, Calif. :
_cebrary,
_d2013.
_nAvailable via World Wide Web.
_nAccess may be limited to ebrary affiliated libraries.
650 0 _aPalms
_xDiseases and pests.
650 0 _aInsect pests.
650 0 _aInsect pests
_xControl.
655 7 _aElectronic books.
_2local
700 1 _aHoward, F. W.
710 2 _aebrary, Inc.
856 4 0 _uhttp://site.ebrary.com/lib/rucke/Doc?id=10058884
_zAn electronic book accessible through the World Wide Web; click to view
999 _c68240
_d68240